| 000 | 00545nam a2200181 a 4500 | ||
|---|---|---|---|
| 005 | 20210219150013.0 | ||
| 008 | 991125s1989 mx 000 0 spa u | ||
| 035 | _aUPN01000005564 | ||
| 049 | _aF | ||
| 050 | 4 |
_aF1233 _bE8.2 |
|
| 100 | 1 | _aEscamilla Góngora, Alberto | |
| 245 | 1 | 0 |
_aBenito Juárez : _bdefensor de la soberania nacional / _cAlberto Escamilla Góngora. |
| 260 |
_aMérida : _b[s.n.], _c1989. |
||
| 300 |
_a20 p. : _bil. |
||
| 440 | 0 |
_aCartilla de divulgación cívica ; _v3 |
|
| 600 | 1 | 4 |
_aJUAREZ, BENITO, _d1806-1872 |
| 905 | _aLibro | ||
| 999 |
_c5564 _d5564 |
||